|
|
|
|
| LEADER |
00000nab a2200000 a 4500 |
| 001 |
vtls000595513 |
| 003 |
SK-MaSNL |
| 005 |
20260304220500.0 |
| 008 |
250425c1996 xo 0 slo |
| 015 |
|
|
|a SNBRB19rr/mm-uuuuu
|
| 035 |
|
|
|a CL0595652
|
| 035 |
|
|
|a urn:nbn:sk:snk-abdpfr
|
| 035 |
|
|
|a (urnnbn)urn:nbn:sk:snk:ar-001rao
|
| 035 |
|
|
|a (uuid)8be7740c-92a1-4a65-bd0e-defac2727193
|
| 040 |
|
|
|a SNKBUCL
|b slo
|c SNKBUCL
|e AACR2
|
| 041 |
0 |
|
|a slo
|
| 044 |
|
|
|a xo
|c SK
|
| 080 |
|
|
|a 73/76(437.6):061.4
|2 1981
|
| 080 |
|
|
|a 73/76.036(437.6)
|2 1981
|
| 100 |
1 |
|
|a Kubičková, Klára,
|d 1936-2022
|4 aut
|9 104064
|
| 245 |
1 |
0 |
|a Macošsky voči architektúre
|b Výstava "Šesťdesiate roky v slovenskom výtvarnom umení" v SNG a záverečná beseda o nej (21. 2. 1996)
|c Klára Kubičková
|
| 300 |
|
|
|b Obr. 4
|
| 610 |
2 |
7 |
|a Slovenská národná galéria
|2 snkbucl
|9 59840
|
| 650 |
0 |
7 |
|a slovenské výtvarné umenie
|2 snkbucl
|9 68597
|
| 655 |
|
7 |
|a články z novín a časopisov
|2 snkbucl
|9 267496
|
| 773 |
0 |
|
|t Projekt
|g Roč. 38, č. 3 (1996), s. 58-59
|
| 850 |
|
|
|a Slovenská národná knižnica
|
| 852 |
|
|
|a Slovenská národná knižnica
|
| 954 |
|
|
|a odborná, vedecká literatúra pôvodná (slovenská)
|2 lita
|
| 957 |
|
|
|a 5100
|
| 958 |
|
|
|a article19
|
| 958 |
|
|
|a RK
|
| 958 |
|
|
|a SK
|
| 958 |
|
|
|a OND
|
| 958 |
|
|
|a EUIPO
|
| 992 |
|
|
|a RBX
|
| 999 |
|
|
|c 3152421
|d 3154351
|